Matemática 2000 - 8: (Registro nro. 9733)

Detalles MARC
000 -LIDER
fixed length control field 00890nam a22002777a 4500
001 - NÚMERO DE CONTROL
Identificador de número de control 00180
003 - IDENTIFICACDOR DE NÚMERO DE CONTROL
control field DO-SdBNP
005 - DATE AND TIME OF LATEST TRANSACTION
control field 20180417083124.0
007 - CAMPOS FIJOS DE DESCRIPCIÓN FÍSICA
fixed length control field 00182
008 - ELEMENTOS DE LONGITUD FIJA
fixed length control field 160413b dr 1998||||| |||| 00| 0 spa d
040 ## - FUENTE DE CATALOGACIÓN
Agencia que crea de manera original el registro BPMSU
Idioma de catalogación spa
Agencia que realiza la transcripción BPMSU
092 ## - LOCALLY ASSIGNED DEWEY DECIMAL CALL NUMBER
Número de clasificación 372.7
Número de ítem (Cutter) L937m 8vo 1998
100 1# - ASIENTO PRINCIPAL -- NOMBRE PERSONAL
Nombre personal Luciano Sang, Margarita, de
245 1# - MENCIÓN DE TITULO
Título Matemática 2000 - 8:
Subtítulo educación básica /
Mención de responsabilidad Margarita Luciano de Sang
260 ## - PUBLICACIÓN, DISTRIBUCIÓN, ETC. (PIE DE IMPRENTA)
Lugar de publicación, distribución, etc Santo Domingo :
Nombre del editor, distribuidor, etc. Susaeta,
Fecha de publicación, distribución, etc 1998.
300 ## - DESCRIPCIÓN FÍSICA
Extensión 128 p. :
Otros detalles físicos il.,
Dimensiones 27 cm.
650 #4 - ENCABEZAMIENTO DE MATERIA--TEMÁTICO
Término temático o nombre geográfico como elemento de entrada MATEMÁTICAS
Subdivisión temática general ENSEÑANZA BÁSICA
650 #4 - ENCABEZAMIENTO DE MATERIA--TEMÁTICO
Término temático o nombre geográfico como elemento de entrada MATEMÁTICAS
Subdivisión temática general EDUCACIÓN PRIMARIA
650 #4 - ENCABEZAMIENTO DE MATERIA--TEMÁTICO
Término temático o nombre geográfico como elemento de entrada MATEMÁTICAS
Subdivisión temática general LIBROS DE TEXTOS
650 #4 - ENCABEZAMIENTO DE MATERIA--TEMÁTICO
Término temático o nombre geográfico como elemento de entrada MATEMÁTICAS
Subdivisión temática general ESTUDIOS Y EJERCICIOS
650 #4 - ENCABEZAMIENTO DE MATERIA--TEMÁTICO
Término temático o nombre geográfico como elemento de entrada EDUCACIÓN PRIMARIA
Subdivisión geográfica REPÚBLICA DOMINICANA
910 ## - VALIDACIÓN
Validación Validado. Control de calidad MFF
942 ## - ADDED ENTRY ELEMENTS (KOHA)
Source of classification or shelving scheme Dewey Decimal Classification
Koha item type Libros
945 ## - INFORMACIÓN DE PROCESAMIENTO LOCAL
Información de procesamiento local inventariado, 2018 / dg
956 ## - LOCAL ELECTRONIC LOCATION AND ACCESS (OCLC)
Nombre de host Brenda Tavárez
Existencias
Withdrawn status Lost status Source of classification or shelving scheme Damaged status Not for loan Home library Current library Date acquired Source of acquisition Total Checkouts Full call number Barcode Date last seen Price effective from Koha item type
    Dewey Decimal Classification     Biblioteca Pública Metropolitana Salomé Ureña Biblioteca Pública Metropolitana Salomé Ureña 04/13/2016 Donación   372.7 E74m 1ro. 1998 BPMSU16040384 04/13/2016 04/13/2016 Libros